| 000 | 00544nam a22001937a 4500 | ||
|---|---|---|---|
| 003 | 0 | ||
| 005 | 20231205101313.0 | ||
| 008 | 231205b xxu||||| |||| 00| 0 eng d | ||
| 020 | _a978-971-518-318-5 | ||
| 050 |
_aCL _bDef314 2009 |
||
| 082 |
_aCL _bDef314 2009 |
||
| 100 | _aDefoe,Daniel | ||
| 245 |
_aRobinson Crusoe _cDaniel Defoe |
||
| 260 |
_aQuezon City _bLampara Publishing House _cc2009. |
||
| 300 |
_a125 pages : _bcolored illustrations ; _c20cm. |
||
| 504 | _aIncludes glossary. | ||
| 650 | _aClassic stories. | ||
| 942 |
_2lcc _cBK |
||
| 999 |
_c365708 _d365708 |
||